| 000 | 00762nam a22001937a 4500 | ||
|---|---|---|---|
| 003 | 0 | ||
| 005 | 20250117105738.0 | ||
| 008 | 250117b xxu||||| |||| 00| 0 eng d | ||
| 050 |
_aTL 272 _b.Y68 2024 |
||
| 100 | _aYoung, Ernest John | ||
| 245 |
_aUrban knowledge in car ultra sensors as traffic driving-aid systems _cErnest John Young |
||
| 260 |
_aLas Pinas City _bSouthville International School and Colleges _c2024 |
||
| 300 |
_axi, 123 pages : _billustrations ; _c28cm. |
||
| 504 | _aIncludes bibliographical references and appendices. | ||
| 650 | _aAutomobile Sensors -- Driving Assistance Systems. | ||
| 650 | _aTraffic Management -- Intelligent Transportation Systems. | ||
| 650 | _aSmart Cities--Urban Transportation Technology. | ||
| 942 |
_2lcc _cTH |
||
| 999 |
_c367013 _d367013 |
||